Iconic Drummers - Statistics

General Stats
  • This quiz has been taken 70 times
  • The average score is 12 of 28
Answer Stats
Band Drummer % Correct
The Beatles Ringo Starr
95%
Genesis/solo work Phil Collins
83%
Led Zeppelin John Bonham
76%
Rush Neil Peart
76%
The Who Keith Moon
73%
Queen Roger Taylor
66%
The Police Stewart Copeland
64%
Metallica Lars Ulrich
63%
Van Halen Alex Van Halen
56%
Cream Ginger Baker
56%
Red Hot Chili Peppers Chad Smith
53%
Green Day Tre Cool
51%
Fleetwood Mac Mick Fleetwood
49%
Blink-182 Travis Barker
49%
Foo Fighters Taylor Hawkins
47%
AC/DC Phil Rudd
39%
Slipknot (1995-2013) Joey Jordison
36%
Dream Theater Mike Portnoy
34%
The Jimi Hendrix Experience Mitch Mitchell
34%
Tool Danny Carey
31%
Slipknot (2014-present) Jay Weinberg
24%
Bruce Springsteen Max Weinberg
22%
Toto Jeff Porcaro
17%
twenty one pilots Josh Dun
14%
Iron Maiden Niko McBrain
12%
311 Chad Sexton
3%
Stix Todd Sucherman
3%
Steely Dan and/or Bee Gees Steve Gadd
2%
No matching quizzes found
Score Distribution
Percent of People with Each Score
Percentile by Number Answered
Your Score History
You have not taken this quiz